000 00295nam a22001337a 4500
008 170623b xxu||||| |||| 00| 0 eng d
020 _a9780876094204
041 _aeng
080 _a32
100 _a21
101 _aSHP
245 _aU.S. NUCLEAR WEAPONS POLICY
_cPERRY,W.J
942 _2udc
_cBK
999 _c18983
_d18983